000 00490nam a2200169Ia 4500
008 221030s9999 xx 000 0 und d
020 _a8129705338
041 _aEnglish
082 _a105.23
_bTra
100 _aW. H. Tranter
245 0 _aPrinciples of Communication Systems Simulation with Wireless Applications
_cby W. H. Tranter, K. S. Shanmugan
260 _bPearson Education
_aNew Delhi
_c2004
300 _a778
650 _aBE Computer
700 _aK. S. Shanmugan
942 _cBK
999 _c3959
_d3959